<?xml version="1.0" encoding="UTF-8"?>
<collection xmlns="http://www.loc.gov/MARC21/slim">
    <record>
        <controlfield tag="001">56358</controlfield>
        <controlfield tag="005">20210121114445.0</controlfield>
        <datafield tag="024" ind1="7" ind2=" ">
            <subfield code="2">doi</subfield>
            <subfield code="a">10.1007/s00216-015-8959-9</subfield>
        </datafield>
        <datafield tag="024" ind1="8" ind2=" ">
            <subfield code="2">sideral</subfield>
            <subfield code="a">92282</subfield>
        </datafield>
        <datafield tag="037" ind1=" " ind2=" ">
            <subfield code="a">ART-2015-92282</subfield>
        </datafield>
        <datafield tag="041" ind1=" " ind2=" ">
            <subfield code="a">eng</subfield>
        </datafield>
        <datafield tag="100" ind1=" " ind2=" ">
            <subfield code="0">(orcid)0000-0002-8934-3979</subfield>
            <subfield code="a">Gracia-Moreno, E.</subfield>
        </datafield>
        <datafield tag="245" ind1=" " ind2=" ">
            <subfield code="a">Quantitative determination of five hydroxy acids, precursors of relevant wine aroma compounds in wine and other alcoholic beverages</subfield>
        </datafield>
        <datafield tag="260" ind1=" " ind2=" ">
            <subfield code="c">2015</subfield>
        </datafield>
        <datafield tag="506" ind1="0" ind2=" ">
            <subfield code="a">Access copy available to the general public</subfield>
            <subfield code="f">Unrestricted</subfield>
        </datafield>
        <datafield tag="520" ind1="3" ind2=" ">
            <subfield code="a">A method for the quantitative determination of 2-hydroxy-2-methylbutanoic (2OH2MB), 2-hydroxy-3-methylbutanoic (2OH3MB), 3-hydroxy-3-methylbutanoic (3OH3MB), 2-hydroxy-4-methylpentanoic (2OH4MP) and 3-hydroxybutanoic (3OHB) acids has been optimized, validated and applied to a set of wines and other alcoholic beverages. The analytes were preconcentrated in a solid phase extraction cartridge and derivatized with 2, 3, 4, 5, 6-pentafluorobenzyl bromide at room temperature for 30 min, followed by GC-MS analysis. Detection limits were between 0.5 and 29 µg L-1, and linearity was maintained up to 3 or 12 mg L-1, depending on the analyte. Recovery values were between 85 and 106 %, and reproducibility was better than 12 % RSD in most cases. The first specific study of these analytes in wine and other alcoholic beverages is herein reported. Concentrations ranged from the method detection limits to 7820, 519, 8510, 3470 and 2500 µg L-1 for 2OH2MB, 2OH3MB, 3OH3MB, 2OH4MP and 3OHB, respectively, which may have relevant sensory effects. These products were not found in distillates (except 3OHB) but were all present in beer. 2OH2MB, 3OH3MB and 3OHB were found in unfermented grape derivatives. Sherry wines had the highest levels of all except for 3OHB.</subfield>
        </datafield>
        <datafield tag="536" ind1=" " ind2=" ">
            <subfield code="9">info:eu-repo/grantAgreement/ES/CICYT/AGL2010-22355-C02-01</subfield>
            <subfield code="9">info:eu-repo/grantAgreement/ES/MEC/FPU-AP2008-03811</subfield>
        </datafield>
        <datafield tag="540" ind1=" " ind2=" ">
            <subfield code="9">info:eu-repo/semantics/openAccess</subfield>
            <subfield code="a">by-nc-nd</subfield>
            <subfield code="u">http://creativecommons.org/licenses/by-nc-nd/3.0/es/</subfield>
        </datafield>
        <datafield tag="590" ind1=" " ind2=" ">
            <subfield code="a">3.125</subfield>
            <subfield code="b">2015</subfield>
        </datafield>
        <datafield tag="591" ind1=" " ind2=" ">
            <subfield code="a">CHEMISTRY, ANALYTICAL</subfield>
            <subfield code="b">15 / 75 = 0.2</subfield>
            <subfield code="c">2015</subfield>
            <subfield code="d">Q1</subfield>
            <subfield code="e">T1</subfield>
        </datafield>
        <datafield tag="591" ind1=" " ind2=" ">
            <subfield code="a">BIOCHEMICAL RESEARCH METHODS</subfield>
            <subfield code="b">25 / 77 = 0.325</subfield>
            <subfield code="c">2015</subfield>
            <subfield code="d">Q2</subfield>
            <subfield code="e">T1</subfield>
        </datafield>
        <datafield tag="592" ind1=" " ind2=" ">
            <subfield code="a">1.059</subfield>
            <subfield code="b">2015</subfield>
        </datafield>
        <datafield tag="593" ind1=" " ind2=" ">
            <subfield code="a">Analytical Chemistry</subfield>
            <subfield code="c">2015</subfield>
            <subfield code="d">Q1</subfield>
        </datafield>
        <datafield tag="593" ind1=" " ind2=" ">
            <subfield code="a">Biochemistry</subfield>
            <subfield code="c">2015</subfield>
            <subfield code="d">Q2</subfield>
        </datafield>
        <datafield tag="655" ind1=" " ind2="4">
            <subfield code="a">info:eu-repo/semantics/article</subfield>
            <subfield code="v">info:eu-repo/semantics/acceptedVersion</subfield>
        </datafield>
        <datafield tag="700" ind1=" " ind2=" ">
            <subfield code="0">(orcid)0000-0002-0730-6606</subfield>
            <subfield code="a">Lopez, R.</subfield>
            <subfield code="u">Universidad de Zaragoza</subfield>
        </datafield>
        <datafield tag="700" ind1=" " ind2=" ">
            <subfield code="0">(orcid)0000-0002-4353-2483</subfield>
            <subfield code="a">Ferreira, V.</subfield>
            <subfield code="u">Universidad de Zaragoza</subfield>
        </datafield>
        <datafield tag="710" ind1="2" ind2=" ">
            <subfield code="1">2009</subfield>
            <subfield code="2">750</subfield>
            <subfield code="a">Universidad de Zaragoza</subfield>
            <subfield code="b">Dpto. Química Analítica</subfield>
            <subfield code="c">Área Química Analítica</subfield>
        </datafield>
        <datafield tag="773" ind1=" " ind2=" ">
            <subfield code="g">407, 26 (2015), 7925-7934</subfield>
            <subfield code="p">Anal. Bioanal. Chem.</subfield>
            <subfield code="t">Analytical and Bioanalytical Chemistry</subfield>
            <subfield code="x">1618-2642</subfield>
        </datafield>
        <datafield tag="856" ind1="4" ind2=" ">
            <subfield code="s">2792501</subfield>
            <subfield code="u">http://zaguan.unizar.es/record/56358/files/texto_completo.pdf</subfield>
            <subfield code="y">Postprint</subfield>
        </datafield>
        <datafield tag="856" ind1="4" ind2=" ">
            <subfield code="s">86214</subfield>
            <subfield code="u">http://zaguan.unizar.es/record/56358/files/texto_completo.jpg?subformat=icon</subfield>
            <subfield code="x">icon</subfield>
            <subfield code="y">Postprint</subfield>
        </datafield>
        <datafield tag="909" ind1="C" ind2="O">
            <subfield code="o">oai:zaguan.unizar.es:56358</subfield>
            <subfield code="p">articulos</subfield>
            <subfield code="p">driver</subfield>
        </datafield>
        <datafield tag="951" ind1=" " ind2=" ">
            <subfield code="a">2021-01-21-10:42:38</subfield>
        </datafield>
        <datafield tag="980" ind1=" " ind2=" ">
            <subfield code="a">ARTICLE</subfield>
        </datafield>
    </record>

    
</collection>